| 000 | 00314nam a22001217a 4500 | ||
|---|---|---|---|
| 082 | _a629.2 MCG'A | ||
| 100 |
_aMCGUFFIN, MERVIN J _978290 |
||
| 245 | _aAUTOMOTIVE MECHANICS PRINCIPLES AND OPERATIONS | ||
| 260 |
_aCANADA _bMACMILLAN _c1962 |
||
| 300 | _a144P | ||
| 650 |
_aAUTOMOTIVE MECHANICS _978291 |
||
| 942 | _cBK | ||
| 999 |
_c583436 _d583436 |
||